1365 1865 1192 1617 1363 1694 1879 1674 1097 1658 1444 1359 1521 1682 1706 1259 1953 1654 1739 1294 1134 1536 1607 1967 1781 1742 1691 1589 1076 1709 1832 1854 1091 1929 1778 1932 1211 1926 1677 1523 1515 1682 1364 1418 1541 1222 1095 1157 1583 1016 1309 1273 1415 1339 1090 1550 1126 1812 1503 1932 1357 1418 1230 1639 1662 1173 1604 1491 1645 1111 1692 1341 1895 1309 1383 1443 1396 1193 1436 1440 1488 1068 1059 1110 1388 1440 1885 1899 1935 1176 1449 1059 1480 1472 1084 1013 1525 1665 1641 BCNSPRNW ULIB Ver.6.0+V

เปลี่ยนเป็นภาษาไทย

Change to English
 แสดงรายละเอียดบรรณานุกรม
  กลับหน้าหลัก

Brief Record : Get Marc (ISO 2709) : E-mail record : QR code < ปิดหน้าต่าง
LEADER : 00000nam 2200000uu 4500
001    13399127375
003     ULIB
008    200513s2020||||th 000 0 tha d
020    ^a9780323485463
060 04 ^aWY154^bS541
245 00 ^aSheehy s emergency nursing :^bprinciples and practice /^cedited by Patricia Kunz Howard, Rebecca A. Steinmann ;Emergency Nurses Association
250    ^a7th ed.
260    ^aSt. Louis :^bMosby,^c2020
300    ^axviii, 745 p. :^bill. ;^c28 cm.
650  2 ^aEmergencies^xNursing
700 1  ^aHoward, Patricia Kunz,^eed.
700 1  ^aSteinmann, Rebecca A.,^eed.
711 2  ^aEmergency Nurses Association
945    ^p3247^l0^i007047
999    ^aอังศุธร กาญจนาโรจน์พันธ์
รายการนี้ยังไม่มีแท็ก
คุณยังไม่ได้ล็อกอิน คุณสามารถมีกิจกรรมร่วมกับเว็บไซต์ได้ แต่ต้องล็อกอินก่อน ::
  ล็อกอิน

รายการสื่อสารสนเทศ

ลำดับที่ ประเภท เลขเรียก/บาร์โค้ด สถานที่ สถานะ
1. Book การพยาบาล
หนังสือสำรอง
สถานะ=หนังสือสำรอง
WY154 S541 ฉ.1 
  Barcode: 007047
ห้องสมุดวิทยาเขตสวรรค์ประชารักษ์
►หนังสือทั่วไป
บนชั้น

รายการใกล้เคียง
    หัวเรื่อง [Emergencies Nursing]

BibComment


ยังไม่เคยถูกคอมเมนท์

คอมเมนท์ทรัพยากรรายการนี้
  คอมเมนท์: Sheehy s emergen..


 Copyright 2026. Bcnsprnw @Library